000
00295nam a22001337a 4500
008
170502b xxu||||| |||| 00| 0 eng d
020
_a
000000023016
041
_a
eng
080
_a
342
100
_a
13
101
_a
SHM
245
_a
SEPRATION OF CHURCH AND STATE
_c
HAAS, C
942
_2
udc
_c
BK
999
_c
12344
_d
12344